SISTEMA DE BIBLIOTECAS
Carmen Mendoza De Cornielle

Enfermería en atención primaria / (Registro nro. 18393)

Detalles MARC
000 -CABECERA
campo de control de longitud fija 02126nam a2200289 i 4500
001 - NÚMERO DE CONTROL
campo de control 18393
003 - IDENTIFICADOR DEL NÚMERO DE CONTROL
campo de control DO-SdUEMH
005 - FECHA Y HORA DE LA ÚLTIMA TRANSACCIÓN
campo de control 20260224210321.0
007 - CAMPO FIJO DE DESCRIPCIÓN FÍSICA--INFORMACIÓN GENERAL
campo de control de longitud fija ta
008 - DATOS DE LONGITUD FIJA--INFORMACIÓN GENERAL
campo de control de longitud fija 260221s2012 sp a|||gr|||| 001 0 spa d
020 ## - NÚMERO INTERNACIONAL ESTÁNDAR DEL LIBRO
Número Internacional Estándar del Libro 9788495626615 (obra completa)
020 ## - NÚMERO INTERNACIONAL ESTÁNDAR DEL LIBRO
Número Internacional Estándar del Libro 9788495626622 (volumen 1)
020 ## - NÚMERO INTERNACIONAL ESTÁNDAR DEL LIBRO
Número Internacional Estándar del Libro 9788495626639 (volumen 2)
040 ## - FUENTE DE LA CATALOGACIÓN
Centro catalogador/agencia de origen DO-SdUEMH
Lengua de catalogación spa
Normas de descripción rda
041 ## - CÓDIGO DE LENGUA
Código de lengua del texto/banda sonora o título independiente spa
082 ## - NÚMERO DE LA CLASIFICACIÓN DECIMAL DEWEY
Colección Colección General
Número de documento/Ítem M385e
245 ## - MENCIÓN DE TÍTULO
Título Enfermería en atención primaria /
Mención de responsabilidad, etc. José Ramón Martínez Riera, Rafael Del Pino Casado ; colaboradores: Josep Amílcar Albert Sabater, Francisca Anaya Cintas, Begoña Beviá Febrer, Amparo Casado Lollano, Luis Cibanal Juan [y otros 19] ; ilustración: David Menéndez González
264 #1 - PRODUCCIÓN, PUBLICACIÓN, DISTRIBUCIÓN, FABRICACIÓN Y COPYRIGHT
Lugar de producción, publicación, distribución, fabricación Madrid, España :
Nombre del de productor, editor, distribuidor, fabricante Difusión Avances de Enfermería,
Fecha de producción, publicación, distribución, fabricación o copyright 2012
300 ## - DESCRIPCIÓN FÍSICA
Extensión 2 Volúmenes :
Otras características físicas ilustraciones ;
Dimensiones 27 cm.
336 ## - TIPO DE CONTENIDO
Fuente rdacontent
Término de tipo de contenido texto
Código de tipo de contenido txt
337 ## - TIPO DE MEDIO
Fuente rdamedia
Nombre del tipo de medio sin mediación
Código del tipo de medio n
338 ## - TIPO DE SOPORTE
Fuente rdacarrier
Nombre del tipo de soporte volumen
Código del tipo de soporte nc
490 0# - MENCIÓN DE SERIE
Mención de serie Cuidado avanzados
504 ## - NOTA DE BIBLIOGRAFÍA, ETC.
Nota de bibliografía, etc. Bibliografía en páginas 503-505.<br/>Contiene índice analítico.
505 2# - NOTA DE CONTENIDO CON FORMATO
Nota de contenido con formato Volumen 1: Sistema sanitario español y estado de bienestar -- Atención Primaria de salud en España -- Enfermería en salud pública y Enfermería Comunitaria -- Evolución de la enfermería comunitaria -- Situación Actual en España -- El proceso de Atención de Enfermería -- Entrevista Enfermería-Usuario Base de los Cuidados --Intervención Familiar -- La educación para la salud (Eps): Metodología, Aplicación y Uso -- La Organización de los cuidados en Enfermería Comunitaria -- La Toma de Decisiones en Enfermería Comunitaria -- Producto Enfermero en Atención Primaria -- Mejora de la Calidad en enfermería Comunitaria -- Competencias en el marco de la atención Primaria de Salud -- La Historia de Salud Registro de Actividad y Sistemas de información en atención en Atención primaria -- Consulta de Enfermería: aparición, evolución y perspectivas -- Atención Grupal -- Actividades Comunes. Técnica y Cuidados -- Atención Domiciliaria vc Actividad a Domicilio <br/>Volumen 2:
942 ## - ELEMENTOS DE PUNTO DE ACCESO ADICIONAL (KOHA)
Fuente del sistema de clasificación o colocación Dewey Decimal Classification
Tipo de ítem Koha Libro
Suprimir en OPAC No
Existencias
Estado de retiro Estado de pérdida Estado dañado Disponibilidad para préstamo Localización permanente Ubicación/localización actual Fecha de adquisición Total de préstamos Código de barras Fecha visto por última vez Precio válido a partir de Tipo de ítem Koha Fuente del sistema de clasificación o colocación Código de colección Ubicación en estantería Fuente de adquisición Enumeración/cronología de publicación seriada Signatura topográfica completa Número de copia
      Disponible para préstamo UFHEC PRINCIPAL UFHEC PRINCIPAL 11/05/2021   UFHECPRINC2195 11/05/2021 11/05/2021 Libro              
      Disponible para préstamo UNIRHEMOS San Cristobal UNIRHEMOS San Cristobal 02/21/2026   2600001 02/21/2026 02/21/2026 Libro Dewey Decimal Classification Colección General Colección General Donación v. 1 CG ej. 1
      Disponible para préstamo UNIRHEMOS San Cristobal UNIRHEMOS San Cristobal 02/21/2026   2600002 02/21/2026 02/21/2026 Libro Dewey Decimal Classification Colección General Colección General Donación v. 1 CG ej. 2
      Disponible para préstamo UNIRHEMOS San Cristobal UNIRHEMOS San Cristobal 02/21/2026   2600003 02/21/2026 02/21/2026 Libro Dewey Decimal Classification Colección General Colección General Donación v. 2 CG ej. 1
      Disponible para préstamo UNIRHEMOS San Cristobal UNIRHEMOS San Cristobal 02/21/2026   2600004 02/21/2026 02/21/2026 Libro Dewey Decimal Classification Colección General Colección General Donación v. 2 CG ej. 2
UNIREMHOS

Av. Abraham Lincoln no. 126, casi esq. José Contreras,
Santo Domingo, República Dominicana

Correo: info@uniremhos.edu.do

Tel.: (809) 532-3739

Horario: Lunes a Viernes: 8:00 am - 6:00 pm | Sábados: 8:00 am - 12:00 m

📍 Ubicación
UNEFA

Av. 27 de Febrero no. 52, El Vergel,
Santo Domingo, República Dominicana

Tel.: (809) 530-0224

📍 Ubicación
UFHEC

Av. Máximo Gómez esq. César Nicolás Penson, La Esperilla,
Santo Domingo, República Dominicana

Tel.: (809) 537-6000

📍 Ubicación